000 00900nam a22002417a 4500
008 081008t xxu||||| |||| 00| 0 eng d
010 _aENG-91225
020 _a9788184550511
_c700.00
035 _aEN-74758
037 _bDBAD / PUB
040 _adpl
_bEnglish
082 _a320.5094
245 _aWestern political thinkers /
_cedited by Gyanender Singh
260 _aNew Delhi
_bOmega Publications
_c2008
270 _a4398/5, Ansari Road, Daryaganj
_bNew Delhi
_e110002
300 _av, 296p.
_c22cm (Hb)
500 _aIncludes index
650 _aPolitical science
_xHistory
650 _aPolitical scientists
_xHistory
700 _aGyanender Singh
942 _2ddc
_cEN
_mWES
_h320.5094
999 _c16394
_d16394